000 01470nam a2200373 a 4500
001 000113634
003 CHAP
005 20220329144405.0
008 170831s2016 mx sm |||||||spa d
010 _a110095
011 _a111067
040 _cCHAP
090 _aTesis
100 1 _aMartínez Martínez, Artemio
_9133094
245 1 0 _aDeterminación de la eficiencia teórica de un calentador solar usando software de diseño Solidworks
_h[En línea]
_cpor Artemio Martínez Martínez y Cesar Jacobo Hernández.
260 _aChapingo, Méx. :
_bEl autor.
500 _aPara ver el contenido del material haga clic en la liga
502 _aTesis (Ing. Mecánico Agrícola) -- UACH. Departamento de Ingeniería Mecánica Agrícola
590 _aBATCH-UPD
_b05
_c20170831
_lUCH01
_h0904
590 _aE11695DGD
_b10
_c20170904
_lUCH01
_h1129
590 _aE11695DGD
_b10
_c20170904
_lUCH01
_h1129
590 _aE11695DGD
_b10
_c20170904
_lUCH01
_h1131
590 _aE5765TAJ
_b05
_c20170831
_lUCH01
_h0904
590 _aE5765TAJ
_b05
_c20170831
_lUCH01
_h0904
590 _aE5765TAJ
_b05
_c20170831
_lUCH01
_h0906
650 1 4 _aCalentadores de agua
_xRendimiento.
_9133096
650 1 4 _aEnergía solar
_xAprovechamiento.
_9132288
650 1 4 _aSolidWorks (Programa para computadora)
_9133097
700 1 _aJacobo Hernández, Cesar
_9133095
856 _aFinding aid
_uhttp://10.13.5.2/tesis/sist113634.pdf
_zTeclea aquí
901 _aBK
942 _cTESIS
942 _n0
999 _c110095
_d110095